| 000 | 00525cam a22001931 4500 | ||
|---|---|---|---|
| 001 | agr49000473 | ||
| 003 | DLC | ||
| 005 | 20260227111011.0 | ||
| 008 | 761209s1949 nyua 00000 eng | ||
| 010 | _aagr49000473 //r89 | ||
| 040 |
_cNIC _dDLC |
||
| 050 | 0 |
_aSH451 _b.T3 1949 |
|
| 082 | _a799.12 | ||
| 100 | 1 | 0 |
_aTapply, H. G. _q(Horace G.), _d1910- |
| 245 | 1 | 4 |
_aThe fly tyer's handbook. _cIllustrated by Lu Henderson. |
| 260 | 0 |
_aNew York, _bO. Durrell _c[1949] |
|
| 300 |
_a69 p. _billus. _c23 cm. |
||
| 650 | 0 | _aFly tying. | |
| 999 |
_c11054 _d11054 |
||